The NCO Creed (Army) - Statistics

General Stats
  • This quiz has been taken 449 times
  • The average score is 127 of 288
Answer Stats
Answer % Correct
No
100%
one
98%
I
97%
is
97%
more
97%
professional
97%
than
97%
a
95%
am
95%
I
95%
noncommissioned
94%
officer
93%
a
91%
leader
91%
of
91%
Soldiers
91%
a
89%
As
89%
I
89%
noncommissioned
89%
officer
89%
a
88%
a
88%
am
88%
I
88%
member
88%
of
88%
realize
88%
that
88%
honored
87%
time
87%
corps
86%
Army
85%
as
85%
is
85%
of
85%
the
85%
the
85%
backbone
84%
known
84%
which
84%
I
83%
am
82%
and
82%
corps
82%
noncommissioned
82%
of
82%
of
82%
officers
82%
the
82%
will
82%
proud
81%
all
80%
as
80%
at
80%
bring
80%
conduct
80%
credit
80%
myself
80%
so
80%
the
80%
times
80%
to
80%
corps
79%
upon
79%
and
78%
I
78%
I
78%
in
78%
military
78%
my
78%
myself
78%
of
78%
service
78%
the
78%
the
78%
will
78%
country
77%
find
77%
not
77%
regardless
77%
situation
77%
which
77%
grade
76%
my
76%
or
76%
to
76%
use
76%
position
75%
attain
74%
or
74%
pleasure
74%
personal
73%
profit
73%
safety
73%
Competence
72%
is
72%
my
72%
watchword
72%
My
70%
two
69%
basic
68%
will
68%
always
67%
responsibilities
67%
be
66%
in
66%
mind
66%
my
66%
my
66%
of
66%
uppermost
66%
accomplishment
65%
and
65%
I
65%
mission
65%
my
65%
of
65%
Soldiers
65%
the
65%
welfare
65%
to
64%
will
64%
strive
63%
and
62%
I
61%
remain
61%
technically
61%
am
60%
proficient
60%
tactically
60%
a
59%
as
59%
aware
59%
my
59%
noncommissioned
59%
of
59%
officer
59%
role
58%
I
57%
will
57%
my
55%
fulfill
54%
All
22%
in
22%
Soldiers
22%
that
22%
are
21%
inherent
21%
role
21%
I
20%
I
20%
that
20%
to
20%
will
20%
always
19%
and
19%
entitled
19%
I
19%
I
19%
leadership
19%
leadership
19%
my
19%
my
19%
outstanding
19%
provide
19%
Soldiers
19%
their
19%
will
19%
above
18%
know
18%
needs
18%
own
18%
place
18%
wil
18%
and
16%
communicate
16%
my
16%
Soldiers
16%
and
15%
consistently
15%
fair
15%
I
15%
impartial
15%
never
15%
when
15%
will
15%
with
15%
be
14%
both
14%
leave
14%
recommending
14%
responsibilites
14%
them
14%
uninformed
14%
accomplish
13%
accomplish
13%
and
13%
and
13%
as
13%
have
13%
have
13%
I
13%
maximum
13%
mine
13%
my
13%
not
13%
of
13%
Officers
13%
punishment
13%
rewards
13%
their
13%
their
13%
time
13%
to
13%
to
13%
unit
13%
will
13%
will
13%
will
13%
as
12%
confidence
12%
duties
12%
earn
12%
I
12%
my
12%
of
12%
respect
12%
Soldiers
12%
they
12%
will
12%
be
11%
I
11%
loyal
11%
that
11%
those
11%
to
11%
well
11%
with
11%
and
10%
whom
10%
alike
9%
I
9%
peers
9%
seniors
9%
serve
9%
subordinates
9%
will
9%
by
7%
exercise
7%
initiative
7%
taking
7%
in
6%
of
6%
orders
6%
the
6%
absense
5%
action
5%
appropriate
5%
are
5%
I
5%
I
5%
I
5%
my
5%
my
5%
my
5%
nor
5%
not
5%
not
5%
to
5%
we
5%
will
5%
will
5%
will
5%
allow
4%
compromise
4%
comrades
4%
forget
4%
forget
4%
integrity
4%
nor
4%
that
4%
courage
3%
leaders!
3%
moral
3%
noncommissioned
3%
officers
3%
professionals
3%
No matching quizzes found
Score Distribution
Percent of People with Each Score
Percentile by Number Answered
Your Score History
You have not taken this quiz